| 000 | 00535nam a2200145Ia 4500 | ||
|---|---|---|---|
| 005 | 20260209120139.0 | ||
| 008 | 260209s9999||||xx |||||||||||||| ||und|| | ||
| 100 | _aAbhinav Gupta | ||
| 245 | 0 | _aInitial public offer : an Indian perspective | |
| 260 |
_aBangaloreBangalore _bNLSIU _c2018 |
||
| 300 | _a182 p. ; 25 cm. | ||
| 650 | _aFinancial System - India; Corporate Finance - India; Initial Public Offer - India | ||
| 700 | _aProf. N L Mitra - GuideProf. N L Mitra - Guide | ||
| 856 | _uhttps://dans.nls.ac.in/handle/123456789/1552 | ||
| 999 |
_c217343 _d217343 |
||